| 000 | 00512 a2200181 4500 | ||
|---|---|---|---|
| 003 | OSt | ||
| 005 | 20240118123700.0 | ||
| 008 | 240118b |||||||| |||| 00| 0 eng d | ||
| 020 | _a9788182719200 | ||
| 040 | _coclc | ||
| 082 |
_a297.61 _bKAM/K |
||
| 100 |
_aKamaludheen, K P _91845 |
||
| 245 |
_aKhaleefa Usman / _cK.P. Kamaludheen |
||
| 250 | _a2nd ed. | ||
| 260 |
_aKozhikode: _bIslamic Publishing House, _c2018. |
||
| 300 | _a256p. | ||
| 942 |
_2ddc _cBK _h297.61 _iKAM/K _k297.61 _mKAM/K |
||
| 999 |
_c43251 _d43251 |
||